LIBRARY & INFORMATION CENTRE, KCAET, TAVANUR

ONLINE PUBLIC ACCESS CATALOGUE (OPAC)

Karana- paddhadi / (Record no. 6520)

MARC details
000 -LEADER
fixed length control field 00392cam a2200169ua 4500
041 ## - LANGUAGE CODE
Language code of text/sound track or separate title mal
082 ## - DEWEY DECIMAL CLASSIFICATION NUMBER
Classification number 510
Item number KOR/KA
100 ## - MAIN ENTRY--AUTHOR NAME
Personal name Koru, P.K .
245 ## - TITLE STATEMENT
Title Karana- paddhadi /
260 ## - PUBLICATION, DISTRIBUTION, ETC. (IMPRINT)
Place of publication Kottayam :
Name of publisher National Book Stall ,
Year of publication 1953.
300 ## - PHYSICAL DESCRIPTION
Number of Pages 337 ; .
942 ## - ADDED ENTRY ELEMENTS (KOHA)
Koha item type Books
Holdings
Withdrawn status Lost status Damaged status Home library Current library Date acquired Full call number Accession Number Koha item type
Withdrawn     KAUAET Malayalam University 07/04/2012 510 5679 Books
free website counter